Guide to mars (Record no. 135479)

MARC details
000 -LEADER
fixed length control field 00606nam a22002297a 4500
005 - DATE AND TIME OF LATEST TRANSACTION
control field 20170124110245.0
010 ## - LIBRARY OF CONGRESS CONTROL NUMBER
LC control number A-048535
020 ## - INTERNATIONAL STANDARD BOOK NUMBER
Terms of availability 00.00
035 ## - SYSTEM CONTROL NUMBER
System control number A-048535
037 ## - SOURCE OF ACQUISITION
Source of stock number/acquisition Cen Lib/Ret
040 ## - CATALOGING SOURCE
Original cataloging agency DPL
Language of cataloging HN
082 ## - DEWEY DECIMAL CLASSIFICATION NUMBER
Classification number 623.4
Item number MOO
100 ## - MAIN ENTRY--PERSONAL NAME
Personal name Moore, Patrick
9 (RLIN) 23647
245 ## - TITLE STATEMENT
Title Guide to mars
Statement of responsibility, etc by Patrick Moore
260 ## - PUBLICATION, DISTRIBUTION, ETC. (IMPRINT)
Place of publication, distribution, etc New York
Name of publisher, distributor, etc Norton
Date of publication, distribution, etc 1978
270 ## - ADDRESS
City New York
300 ## - PHYSICAL DESCRIPTION
Extent 196p.
Dimensions 21cm(Hb)
500 ## - GENERAL NOTE
General note Includes appendix and index
650 ## - SUBJECT ADDED ENTRY--TOPICAL TERM
Topical term or geographic name as entry element Mars (Planet)
9 (RLIN) 97341
650 ## - SUBJECT ADDED ENTRY--TOPICAL TERM
Topical term or geographic name as entry element Mars (Planète)
General subdivision
9 (RLIN) 97342
942 ## - ADDED ENTRY ELEMENTS (KOHA)
Source of classification or shelving scheme Dewey Decimal Classification
Koha item type English Books
Classification part 623.4
Call number suffix MOO
Holdings
Withdrawn status Lost status Damaged status Not for loan Home library Current library Date acquired Source of acquisition Cost, normal purchase price Total Checkouts Full call number Barcode Date last seen Date checked out Copy number Cost, replacement price Price effective from Koha item type
        Central Library Central Library 06/10/2015 Cen Lib/Ret 0.00 1 623.4 MOO A-048535 06/01/2018 12/12/2017 1 0.00 06/10/2015 English Books

© Delhi Public Library
Hit Counter
free hit counter